Paroles: Goldorak est mort - Les Fatals Picards - Statistiques

Statistiques générales
  • Ce quiz a été pris 42 fois
  • Le résultat moyen est 246 sur 373
Statistiques - réponses
Réponse % Correct
d'
100%
a
96%
à
96%
de
96%
Et
96%
et
96%
Goldorak
96%
l'
96%
m'
96%
mort
96%
C'
92%
c'
92%
est
92%
est-
92%
Le
92%
le
92%
s'
92%
il
88%
Il
88%
j'
88%
J'
88%
La
88%
la
88%
88%
ma
88%
tu
88%
ai
83%
ça
83%
mon
83%
pas
83%
un
83%
va
83%
me
79%
qu'
79%
que
79%
te
79%
Impossible
75%
Je
75%
je
75%
putain
75%
Putain
75%
sûr
75%
sur
75%
bien
71%
les
71%
moi
71%
Oh
71%
père
71%
r'démarrer
71%
tuer
71%
ce
67%
eu
67%
fait
67%
On
67%
papa
67%
suis
67%
vais
67%
Au
63%
au
63%
des
63%
Elle
63%
ils
63%
plus
63%
tout
63%
faut
58%
Faut
58%
malle
58%
quand
58%
route
58%
arrive
54%
chialer
54%
Comment
54%
était
54%
kart
54%
même
54%
mettre
54%
morflé
54%
Oui
54%
pété
54%
trop
54%
Vénusia
54%
voilà
54%
canon
50%
dirait
50%
fulguro-poings
50%
joindre
50%
lapin
50%
Mais
50%
maman
50%
maman ?
50%
pédales
50%
petite
50%
Pour
50%
pour
50%
vu
50%
Alcor
46%
Bon
46%
bon
46%
crois
46%
déboite
46%
dire
46%
enfoncée
46%
grand
46%
jamais
46%
mère
46%
passe
46%
platane
46%
Quoi
46%
sont
46%
voudront
46%
y'
46%
Albator
42%
Amiens
42%
Après
42%
avais
42%
avant
42%
avec
42%
Bioman
42%
boîte
42%
cachais
42%
carte
42%
croyais
42%
delco
42%
dit
42%
du
42%
entre
42%
gauche
42%
grise
42%
lancé
42%
maintenant
42%
moteur
42%
ouais
42%
Ouais
42%
prince
42%
pris
42%
super
42%
Allo
38%
centre
38%
débouler
38%
dise
38%
peinture
38%
planitrons
38%
prends
38%
raquer
38%
rétro
38%
sais
38%
sécurité
38%
tombés
38%
Xenon
38%
Ah
33%
calendre
33%
couilles
33%
enculé
33%
Euphor
33%
Madame
33%
mangé
33%
pépin
33%
Pourtant
33%
rail
33%
sortir
33%
table
33%
Allez
29%
ben
29%
cassée
29%
devant ?
29%
Ecoute
29%
Parce
29%
pièces
29%
rebord
29%
réparer
29%
revois
29%
stratéguerre
29%
trucs
29%
vous
29%
contrôle
25%
déranger
25%
être
25%
Japon
25%
marrant
25%
portable
25%
pourrais
25%
rapé
25%
technique
25%
téléphoner ?
25%
01
21%
câble
21%
Sans
21%
fais
21%
habillé
21%
importants
21%
ok
21%
pardon
21%
préfèrerais
21%
remorquer ?
21%
reste
21%
tête
21%
cher
17%
demander
17%
traite
17%
dec'
13%
Ohlala
13%
Tergnier
13%
Aucun quiz correspondant
Distribution des résultats
% des personnes avec chaque résultat
Percentile par nombre de réponses
Votre historique - résultats
Vous n’avez pas pris ce quiz